000
00269nam a22000977a 4500
008
230607b |||||||| |||| 00| 0 eng d
020
_a
9780545109671
100
_a
Stilton Geronimo
_9
7367
245
_a
Thea Stilton and the Dragon's Code
260
_a
India
_b
Repro India
_c
2017
999
_c
12308
_d
12308